000 00625nam a2200205Ia 4500
001 b2586-23691 [2504]
003 IT-MiCISF
008 161014s9999||||xx |||||||||||||| ||und||
040 _aIT-MiCISF
_cIT-MiCISF
041 _ait
100 _aWoodman Marion
245 0 _aLo sposo nascosto
_bL'aspetto maschile nella psicologia della donna
250 _a1a ed.
260 _a Como
_bRed Edizioni
_c1991 [Edizione originale: 1990]
300 _app. 244
500 _a / donna, identità-femminile, identità-maschile, psicologia, rapporti-uomo-donna /
650 _adonna
942 _cBK
957 _71
999 _a23691
_bsi
_g1
_c214872
_d214872